Players who've scored 20+ Premier League Quiz Stats

 Plays Quiz not verified by Sporcle

Score 0/42 Timer 15:00
0 Plays Today
Year Player % Correct
2006/2007Didier Drogba
98.6%
2009/2010Didier Drogba
98.6%
2001/2002Thierry Henry
98.1%
2002/2003Thierry Henry
98.1%
2003/2004Thierry Henry
98.1%
2004/2005Thierry Henry
98.1%
2005/2006Thierry Henry
98.1%
2009/2010Wayne Rooney
97.6%
1993/1994Alan Shearer
97.1%
1994/1995Alan Shearer
97.1%
1995/1996Alan Shearer
97.1%
1996/1997Alan Shearer
97.1%
1999/2000Alan Shearer
97.1%
2001/2002Alan Shearer
97.1%
2003/2004Alan Shearer
97.1%
2007/2008Fernando Torres
96.6%
2007/2008Cristiano Ronaldo
94.7%
1993/1994Andy Cole
93.2%
2009/2010Carlos Tevez
93.2%
2009/2010Frank Lampard
91.3%
1999/2000Dwight Yorke
90.3%
Year Player % Correct
1994/1995Robbie Fowler
88.4%
1995/1996Robbie Fowler
88.4%
2009/2010Darren Bent
83.6%
2003/2004Louis Saha
83.1%
1996/1997Ian Wright
82.1%
2000/2001Jimmy Floyd Hasselbaink
81.2%
2001/2002Jimmy Floyd Hasselbaink
81.2%
1992/1993Teddy Sheringham
80.7%
1999/2000Kevin Phillips
78.7%
2002/2003Mark Viduka
77.8%
1992/1993Les Ferdinand
77.3%
1995/1996Les Ferdinand
77.3%
2001/2002Ruud Van Nistelrooy
77.3%
2002/2003Ruud Van Nistelrooy
77.3%
2003/2004Ruud Van Nistelrooy
77.3%
2005/2006Ruud Van Nistelrooy
77.3%
2007/2008Emmanuel Adebayor
75.4%
2004/2005Andy Johnson
71.5%
2002/2003James Beattie
65.7%
1993/1994Chris Sutton
64.3%
1993/1994Matt Le Tissier
50.2%

You're not logged in!

Compare scores with friends on all Sporcle quizzes.
OR
Log In

Show Comments

Extras

Top Quizzes Today


Score Distribution

Your Account Isn't Verified!

In order to create a playlist on Sporcle, you need to verify the email address you used during registration. Go to your Sporcle Settings to finish the process.

Report this User

Report this user for behavior that violates our Community Guidelines.

Details: